000 00495 a2200169 4500
245 _aThe Norton introduction to literature
_hprint
020 _a0393966658
250 _a3rd ed.
650 _aliterature
005 20191021095239.0
260 _anyu
_bNorton
_cc1995
084 _aPN604.B27
300 _axxxi, 2165, A61 p.
_b 25 cm.
_cxxxi, 2165, A61 p. ; 25 cm.
500 _a[edited by] Carl E. Bain, Jerome Beaty, J. Paul Hunter.
999 _c12003
_d12003